Представление документа в формате MARC21

Поле Инд. ПП Название Значение
Тип записи a
Библиографический уровень b
001 Контрольный номер RU/IS/BASE/283440985
005 Дата корректировки 20220715140347.9
008 Кодируемые данные 20081224
040 b Код языка каталог. rus
e Правила каталог. PSBO
041 0_ a Код языка текста rus
084 a Индекс другой классификации/Индекс ББК 60.546.7-42; 60.545.4; 66.3(43),54
100 1_ a Автор Пономарева А. М.
q Полное имя Пономарева Анастасия Михайловна
245 10 a Заглавие Интеграция мусульманских общин в европейское общество и внешнеполитический фактор
504 a Библиография Библиогр. ссылки. - Примеч.
650 a Основная рубрика внутренняя политика
a Основная рубрика политика
a Основная рубрика социология
a Основная рубрика социология групп
a Основная рубрика этносоциология
653 a Ключевые слова адаптация мигрантов
a Ключевые слова Алжир
a Ключевые слова Бельгия
a Ключевые слова Великобритания
a Ключевые слова Германия
a Ключевые слова европейское общество
a Ключевые слова Западная Европа
a Ключевые слова иммигранты
a Ключевые слова ислам (мусульманство)
a Ключевые слова исламские диаспоры
a Ключевые слова мусульмане
a Ключевые слова мусульманская миграция
a Ключевые слова мусульманские общины
a Ключевые слова национальная политика (этнополитика)
a Ключевые слова религиозные движения
a Ключевые слова религиозные организации
a Ключевые слова религиозный экстремизм
a Ключевые слова социальная адаптация
a Ключевые слова социокультурная адаптация
a Ключевые слова турки
a Ключевые слова Франция
773 t Заглавие источника Вестник Московского университета. Серия 18, Социология и политология
d Дата издания источника 2008
g Прочая информация № 1. - С. 21 - 40 : табл.
w Контрольный № источника RU/IS/BASE/279889919
901 t Тип документа b